[Event "Ruhrgebiet Verbandsklasse Gruppe 2 1516"]
[Site "Germany"]
[Date "2015.11.08"]
[Round "3.3"]
[White "Wenzel, Martin"]
[Black "Orhan, Zilan"]
[Result "1/2-1/2"]
[WhiteElo "1868"]
[BlackElo "1869"]
[PlyCount "85"]
[EventDate "2015.09.06"]
[EventType "team-tourn"]
[EventRounds "9"]
[EventCountry "GER"]
[SourceTitle "EXT 2022"]
[Source "ChessBase"]
[SourceDate "2021.10.06"]
[SourceVersion "1"]
[SourceVersionDate "2021.10.06"]
[SourceQuality "1"]
[WhiteTeam "Gladbeck SG II"]
[BlackTeam "Bochum SG IV"]
[WhiteTeamCountry "GER"]
[BlackTeamCountry "GER"]

1. e4 d5 2. exd5 Qxd5 3. d4 c6 4. c4 Qa5+ 5. Nc3 Bf5 6. Nf3 e6 7. g3 Nf6 8. Bg2 Ne4 9. Qb3 Bb4 10. 0-0 Nxc3 11. bxc3 Bxc3 12. Qxb7 Bxa1 13. Qxa8 0-0 14. Bf4 Bc3 15. Bxb8 Qb6 16. Qxa7 Rxb8 17. Qxb6 Rxb6 18. Rd1 f6 19. Ne1 Rb1 20. Rxb1 Bxb1 21. Nf3 Bxa2 22. Bf1 g5 23. g4 Kf7 24. Bd3 h6 25. Kf1 Ke7 26. Ke2 Kd6 27. c5+ Kc7 28. Ke3 Bd5 29. Be4 e5 30. Kd3 Ba1 31. dxe5 Bxe5 32. h4 Kb7 33. hxg5 hxg5 34. Nd4 Bxd4 35. Kxd4 Be6 36. Bf3 Bd7 37. Be2 Be6 38. Ke4 Kc7 39. f4 gxf4 40. Kxf4 Kd7 41. Bd3 Ke7 42. Be4 Bd7 43. Bd3 1/2-1/2

[Event "Ruhrgebiet Verbandsklasse Gruppe 1 1415"]
[Site "Germany"]
[Date "2015.03.29"]
[Round "8.4"]
[White "Dawid, Adalbert"]
[Black "Orhan, Zilan"]
[Result "0-1"]
[WhiteElo "1881"]
[BlackElo "1878"]
[PlyCount "94"]
[EventDate "2014.09.21"]
[EventType "team-tourn"]
[EventRounds "9"]
[EventCountry "GER"]
[SourceTitle "EXT 2022"]
[Source "ChessBase"]
[SourceDate "2021.10.06"]
[SourceVersion "1"]
[SourceVersionDate "2021.10.06"]
[SourceQuality "1"]
[WhiteTeam "Dortmund Hansa III"]
[BlackTeam "Bochum SG IV"]
[WhiteTeamCountry "GER"]
[BlackTeamCountry "GER"]

1. d4 d5 2. c4 c6 3. Nf3 Nf6 4. Nc3 Nbd7 5. e3 e6 6. cxd5 exd5 7. Bd3 Bd6 8. 0-0 0-0 9. a3 Re8 10. b4 Nb6 11. h3 Ne4 12. Bxe4 dxe4 13. Nd2 Bf5 14. f3 exf3 15. Qxf3 Bg6 16. Bb2 Bc7 17. Qf2 Qd6 18. Nf3 Nc4 19. Rae1 Qg3 20. Ne5 Bxe5 21. dxe5 Qxf2+ 22. Rxf2 Nxb2 23. Rxb2 Rxe5 24. Rd2 Bf5 25. Kf2 Kf8 26. g4 Be6 27. Na4 b6 28. Rc1 Bb3 29. Nb2 Rc8 30. Rc3 Be6 31. Nd3 Rd5 32. Rdc2 g5 33. Ke2 Bd7 34. e4 Re8 35. Kf3 Rd4 36. Re2 Bc8 37. Nc1 Ba6 38. Ree3 Re6 39. Ne2 Rf6+ 40. Kg3 Rd2 41. e5 Rf1 42. Nc1 Bb7 43. Ne2 c5 44. bxc5 bxc5 45. h4 Ba6 46. Nc1 Rg1+ 47. Kh3 Bf1# 0-1

[Event "GER-chT U20"]
[Site "Kelheim"]
[Date "2007.12.27"]
[Round "2.6"]
[White "Orhan, Zilan"]
[Black "Kohlmann, Adrian"]
[Result "0-1"]
[WhiteElo "1768"]
[BlackElo "1936"]
[PlyCount "100"]
[EventDate "2007.12.27"]
[EventType "team-swiss"]
[EventRounds "7"]
[EventCountry "GER"]
[SourceTitle "EXT 2022"]
[Source "ChessBase"]
[SourceDate "2021.10.06"]
[SourceVersion "1"]
[SourceVersionDate "2021.10.06"]
[SourceQuality "1"]
[WhiteTeam "Bochum SG 1931 U20"]
[BlackTeam "Grossenseebach U20"]
[WhiteTeamCountry "GER"]
[BlackTeamCountry "GER"]

1. d4 g6 2. e4 Bg7 3. Nc3 d6 4. Be3 Nc6 5. Qd2 e5 6. Nge2 exd4 7. Nxd4 Nxd4 8. Bxd4 Nf6 9. f3 Qe7 10. 0-0-0 Be6 11. Kb1 a6 12. Re1 0-0-0 13. g3 Nh5 14. Bg2 Qd7 15. Bxg7 Nxg7 16. Qd4 f5 17. exf5 Nxf5 18. Qa7 c6 19. Bf1 Rhe8 20. Bd3 Qc7 21. Re2 c5 22. Bxf5 gxf5 23. Rhe1 Kd7 24. Na4 Bf7 25. Rxe8 Rxe8 26. Rxe8 Bxe8 27. Qb6 Qc6 28. Qxc6+ Kxc6 29. Nc3 Bh5 30. f4 d5 31. Kc1 d4 32. Nd1 Bxd1 33. Kxd1 Kd5 34. b3 b5 35. Kd2 Ke4 36. Ke2 c4 37. bxc4 bxc4 38. a3 h5 39. a4 d3+ 40. cxd3+ cxd3+ 41. Kd2 a5 42. h3 Kd4 43. Kd1 Ke3 44. Ke1 Kf3 45. g4 hxg4 46. hxg4 fxg4 47. f5 g3 48. f6 g2 49. f7 g1Q+ 50. Kd2 Qe3+ 0-1

[Event "SJNR-ch U14"]
[Site "Kranenburg"]
[Date "2005.01.05"]
[Round "6"]
[White "Orhan, Zilan"]
[Black "Czybik, Nils Patrick"]
[Result "0-1"]
[WhiteElo "1702"]
[BlackElo "1741"]
[PlyCount "58"]
[EventDate "2005.01.02"]
[EventType "swiss"]
[EventRounds "7"]
[EventCountry "GER"]
[SourceTitle "EXT 2007"]
[Source "ChessBase"]
[SourceDate "2006.11.23"]
[SourceVersion "1"]
[SourceVersionDate "2006.11.23"]
[SourceQuality "1"]

1. e4 c5 2. Nf3 e6 3. d4 cxd4 4. Nxd4 Qb6 5. Nc3 Bc5 6. Na4 Qa5+ 7. c3 Bxd4 8. Qxd4 Nf6 9. e5 Nc6 10. Qh4 Qxe5+ 11. Be2 Qe4 12. Qg5 Qg6 13. 0-0 d5 14. Nc5 Nd7 15. Nd3 Qxg5 16. Bxg5 f6 17. Bh4 Kf7 18. Rfe1 e5 19. Bg3 Ne7 20. Rad1 Nb6 21. h3 Bd7 22. Nc5 Bc6 23. Bg4 g6 24. a3 Nf5 25. Bxf5 gxf5 26. f4 Rhg8 27. Kh2 Rae8 28. Rd2 exf4 29. Rxe8 fxg3+ 0-1

[Event "SJNR-ch U14"]
[Site "Kranenburg"]
[Date "2005.01.03"]
[Round "3"]
[White "Bashylin, Vsevolod"]
[Black "Orhan, Zilan"]
[Result "0-1"]
[WhiteElo "1236"]
[BlackElo "1702"]
[PlyCount "68"]
[EventDate "2005.01.02"]
[EventType "swiss"]
[EventRounds "7"]
[EventCountry "GER"]
[SourceTitle "EXT 2007"]
[Source "ChessBase"]
[SourceDate "2006.11.23"]
[SourceVersion "1"]
[SourceVersionDate "2006.11.23"]
[SourceQuality "1"]

1. d4 d5 2. Nf3 Nf6 3. Bf4 e6 4. e3 Be7 5. Bd3 0-0 6. 0-0 c5 7. c3 Nc6 8. h3 b6 9. Nbd2 Bd6 10. Bxd6 Qxd6 11. Re1 Re8 12. dxc5 Qxc5 13. Nb3 Qd6 14. Qe2 Bb7 15. Rad1 Qd7 16. Rd2 Red8 17. Red1 Rac8 18. Bc2 h6 19. Nc1 Qc7 20. Bb3 Na5 21. Bc2 Nc4 22. Rd3 Nxb2 23. R1d2 Nxd3 24. Rxd3 Ba6 25. Qd2 Bxd3 26. Nxd3 Qxc3 27. Qxc3 Rxc3 28. Bb1 Rdc8 29. Kh2 a5 30. Nde5 Rc1 31. Bd3 Ra1 32. Nd4 Rxa2 33. f3 a4 34. Bb5 a3 0-1

[Event "SJNR-ch U14"]
[Site "Kranenburg"]
[Date "2005.01.03"]
[Round "2"]
[White "Orhan, Zilan"]
[Black "Wurm, Christoph"]
[Result "0-1"]
[WhiteElo "1702"]
[BlackElo "1394"]
[PlyCount "84"]
[EventDate "2005.01.02"]
[EventType "swiss"]
[EventRounds "7"]
[EventCountry "GER"]
[SourceTitle "EXT 2007"]
[Source "ChessBase"]
[SourceDate "2006.11.23"]
[SourceVersion "1"]
[SourceVersionDate "2006.11.23"]
[SourceQuality "1"]

1. e4 c5 2. Nf3 d6 3. d4 cxd4 4. Nxd4 Nf6 5. Nc3 g6 6. Be3 Bg7 7. f3 0-0 8. Bc4 Nc6 9. Qd2 Bd7 10. 0-0-0 Rc8 11. Bb3 Na5 12. h4 Nc4 13. Bxc4 Rxc4 14. Bh6 Nxe4 15. Nxe4 Rxd4 16. Qe3 Qb6 17. Rde1 Rc4 18. Bxg7 Qxe3+ 19. Rxe3 Kxg7 20. h5 Rfc8 21. c3 Bf5 22. Nd2 R4c7 23. g4 Be6 24. a3 g5 25. h6+ Kg6 26. Rh5 Bd5 27. Nf1 f6 28. Ng3 e6 29. Rh2 Re7 30. Kd2 b5 31. Nh5 Rc4 32. b3 Rcc7 33. Kc2 a5 34. f4 a4 35. b4 Rc4 36. f5+ Kf7 37. fxe6+ Rxe6 38. Rxe6 Bxe6 39. Rf2 Bxg4 40. Nxf6 Kg6 41. Ng8 Bf5+ 42. Kd2 Re4 0-1

[Event "GER-ch U12"]
[Site "Willingen"]
[Date "2004.06.02"]
[Round "8"]
[White "Gersch, Andre"]
[Black "Orhan, Zilan"]
[Result "0-1"]
[WhiteElo "1433"]
[BlackElo "1626"]
[PlyCount "108"]
[EventDate "2004.06.??"]
[EventType "swiss"]
[EventRounds "11"]
[EventCountry "GER"]
[SourceTitle "EXT 2005"]
[Source "ChessBase"]
[SourceDate "2004.11.15"]
[SourceVersion "1"]
[SourceVersionDate "2004.11.15"]
[SourceQuality "1"]

1. e4 d5 2. exd5 Qxd5 3. Nc3 Qa5 4. Bc4 c6 5. d3 Bf5 6. Bd2 e6 7. Nge2 h6 8. Ng3 Bh7 9. 0-0 Nd7 10. Re1 Qc7 11. Qf3 Ngf6 12. h3 Bd6 13. Be3 0-0 14. Nce4 Nxe4 15. Nxe4 Ne5 16. Qe2 Nxc4 17. Nxd6 Nxd6 18. Bf4 Qd7 19. Qg4 Kh8 20. Qg3 Nf5 21. Qg4 Rfe8 22. Re2 Qd4 23. Re4 Qxb2 24. Be5 Qxc2 25. Rf4 Bg6 26. h4 h5 27. Qg5 Kg8 28. g4 Qxd3 29. gxh5 Nh6 30. hxg6 Qxg6 31. Kh2 Qxg5 32. hxg5 Nf5 33. Kg2 Red8 34. Rb1 b6 35. a4 Rd5 36. Re4 Rad8 37. Rbb4 c5 38. Rbc4 Nd6 39. Bxd6 R8xd6 40. f4 Rd4 41. Rexd4 Rxd4 42. Rxd4 cxd4 43. Kf3 f6 44. Ke4 e5 45. g6 Kf8 46. f5 Ke7 47. Kd3 Kd6 48. Kc4 a6 49. Kb4 e4 50. Kc4 e3 51. Kd3 Ke5 52. Ke2 Ke4 53. Kd1 Kf3 54. Ke1 e2 0-1

[Event "NRW-ch U12"]
[Site "Kranenburg"]
[Date "2003.04.22"]
[Round "2"]
[White "Boshe Plois, Stefan"]
[Black "Orhan, Zilan"]
[Result "1-0"]
[WhiteElo "1281"]
[BlackElo "1422"]
[PlyCount "67"]
[EventDate "2003.04.??"]
[EventType "swiss"]
[EventRounds "7"]
[EventCountry "GER"]
[SourceTitle "EXT 2005"]
[Source "ChessBase"]
[SourceDate "2004.11.15"]
[SourceVersion "1"]
[SourceVersionDate "2004.11.15"]
[SourceQuality "1"]

1. e4 d5 2. exd5 Qxd5 3. Nc3 Qa5 4. Nf3 Bf5 5. Bc4 e6 6. 0-0 Nf6 7. d3 c6 8. Bd2 Nbd7 9. Re1 Qc7 10. h3 b5 11. Bb3 Nc5 12. Nd4 Nxb3 13. axb3 Bg6 14. Qf3 Rc8 15. Bf4 Qb6 16. Be3 Qc7 17. Ra6 Qb7 18. Rea1 Bc5 19. Ndxb5 Bh5 20. Bxc5 Qxa6 21. Rxa6 Bxf3 22. Nd6+ Kd7 23. Nxc8 Rxc8 24. gxf3 Rc7 25. Rxa7 Rxa7 26. Bxa7 Nd5 27. Nxd5 cxd5 28. Kf1 Kc6 29. Ke2 g5 30. Ke3 e5 31. d4 exd4+ 32. Kxd4 h5 33. Ke5 g4 34. fxg4 1-0